Beatrix Potter : a life in nature
Saved in:
| Main Author: | |
|---|---|
| Format: | Book |
| Language: | English |
| Published: |
New York :
St. Martin's Press,
2007
|
| Subjects: | |
| Tags: |
Add Tag
No Tags, Be the first to tag this record!
|
MARC
| LEADER | 00000nam a2200000 i 4500 | ||
|---|---|---|---|
| 001 | 1/81077 | ||
| 008 | 080408s2007 eng d | ||
| 020 | |a 978-0-312-36934-7 | ||
| 020 | |a 0-312-36934-4 | ||
| 035 | |l 10096381 | ||
| 040 | |a GR-MY-UA |b gre |e aacr | ||
| 041 | 0 | |a eng | |
| 082 | 0 | |a 823.912 |2 (22) | |
| 100 | 1 | |a Lear, Linda J. |d 1940- | |
| 245 | 1 | 0 | |a Beatrix Potter : |b a life in nature / |c Linda Lear |
| 260 | |a New York : |b St. Martin's Press, |c 2007 | ||
| 300 | |a xix, 583 σ.; |c 25 εκ. | ||
| 504 | |a Περιλαμβάνει βιβλιογραφίες και ευρετήριο | ||
| 600 | 1 | 0 | |a Potter Beatrix |d 1866-1943. |
| 650 | 0 | 0 | |a Illustrators |z Great Britain |x Biography. |
| 650 | 0 | 0 | |a Children's stories. |
| 852 | |a INST |b RHODES |e 20080408 |h 823.912 LEA |p 005400029465 |q 005400029465 |t BK |y 0 | ||
| 901 | |a BIBL4-2008-1 | ||
| 909 | |a Ρ |b 151630 | ||
| 922 | |a 4ΕΛΗ |b 200803 |c ΕΠΕΑΕΚ2/ΠΤΔΕ |d ΠΑΠΑΣΩΤΗΡΙΟΥ | ||
| 970 | |a ΜΙΣΣΟΣ |b ΣΤΑΥΡΟΣ |z 2008/04/08 | ||